100 biggest cities in Ukraine - Statistics

General Stats
  • This quiz has been taken 6,163 times
    5,409 since last reset
  • The average score is 25 of 100
Answer Stats
Population City % Correct
2,952,301 Kiev
99%
1,421,125 Kharkiv
94%
717,273 Lviv
92%
901,645 Donetsk
91%
1,010,537 Odesa
91%
968,502 Dnipro
83%
397,677 Luhansk
83%
425,681 Mariupol
80%
485,386 Sevastopol
73%
279,131 Kherson
69%
710,052 Zaporizhia
62%
256,474 Sumy
59%
470,011 Mykolaiv
57%
282,747 Chernihiv
55%
603,904 Kryvyi Rih
55%
279,593 Poltava
54%
340,540 Simferopol
54%
238,196 Ivano-Frankivsk
50%
243,873 Rivne
46%
148,851 Melitopol
45%
269,836 Cherkasy
44%
261,624 Zhytomyr
44%
215,986 Lutsk
43%
225,004 Ternopil
43%
369,739 Vinnytsia
40%
264,298 Chernivtsi
39%
74,652 Yalta
35%
147,145 Kramatorsk
33%
154,621 Kerch
32%
115,449 Uzhhorod
32%
274,452 Khmelnytskyi
30%
338,968 Makiivka
27%
71,094 Bakhmut
26%
207,273 Bila Tserkva
26%
239,828 Horlivka
25%
215,271 Kremenchuk
25%
65,167 Irpin
24%
106,311 Berdiansk
23%
81,525 Uman
23%
219,676 Kropyvnytskyi
22%
109,806 Brovary
21%
105,160 Nikopol
21%
69,932 Izmail
20%
99,067 Sieverodonetsk
20%
105,141 Sloviansk
20%
93,340 Lysychansk
18%
45,884 Izium
15%
101,430 Pavlohrad
15%
106,062 Alchevsk
14%
226,845 Kamianske
14%
83,543 Konotop
14%
107,877 Yevpatoria
14%
64,117 Boryspil
13%
66,293 Feodosia
13%
67,575 Kovel
13%
85,569 Mukacheve
13%
52,237 Enerhodar
12%
59,425 Stryi
11%
73,682 Drohobych
10%
96,896 Kamianets-Podilskyi
10%
61,496 Korosten
10%
60,127 Pokrovsk
10%
73,046 Berdychiv
9%
65,830 Nizhyn
9%
45,069 Nova Kakhovka
9%
76,097 Oleksandriia
9%
65,088 Kalush
8%
57,983 Chornomorsk
7%
60,821 Kolomyia
7%
44,595 Lubny
7%
71,966 Shostka
7%
64,297 Chervonohrad
6%
44,841 Fastiv
6%
53,126 Lozova
6%
62,426 Pervomaisk
6%
55,247 Rubizhne
6%
69,855 Novomoskovsk
5%
46,660 Okhtyrka
5%
51,637 Pryluky
5%
65,675 Smila
5%
47,727 Bilhorod-Dnistrovskyi
4%
53,977 Druzhkivka
4%
55,086 Novohrad-Volynskyi
4%
49,772 Novovolynsk
4%
52,150 Antratsyt
3%
62,691 Dovzhansk
3%
49,854 Horishni Plavni
3%
73,248 Kadiivka
3%
79,533 Khrustalnyi
3%
67,350 Kostiantynivka
3%
44,980 Marhanets
3%
46,098 Myrnohrad
3%
76,673 Yenakiieve
3%
44,987 Brianka
2%
53,462 Chystiakove
2%
56,182 Khartsyzk
2%
45,651 Rovenky
2%
48,208 Shakhtarsk
2%
45,514 Snizhne
2%
43,931 Svitlovodsk
2%
No matching quizzes found
Score Distribution
Percent of People with Each Score
Percentile by Number Answered
Your Score History
You have not taken this quiz since the last reset